| 000 | 00869cam a2200301 4500 | ||
|---|---|---|---|
| 008 | 090401t1991 xxu||||| |||| 00| 0 eng d | ||
| 020 | _a0115802576 | ||
| 035 | _a(Sirsi) u11455 | ||
| 041 | _aeng | ||
| 050 | _a333.7 | ||
| 100 | _aWinpenny, J.T. | ||
| 245 | _aValues for the environment: a guide to economic appraisal. | ||
| 260 |
_aLondon _bHMSO _c1991 |
||
| 300 | _a277p. ; 25cm. | ||
| 350 | _a14.95 | ||
| 520 | _aCommissioned by the Overseas Development Administration. | ||
| 650 | _aDEVELOPING COUNTRIES | ||
| 650 | _aDEVELOPMENT PROJECTS | ||
| 650 | _aECONOMIC VALUES | ||
| 650 |
_aEnvironment _96238 |
||
| 650 | _aNATURAL RESOURCES | ||
| 650 | _aSUSTAINABLE DEVELOPMENT | ||
| 650 |
_aValuation _96273 |
||
| 690 | _aENVIRONMENTAL AND LAND CONSULTANCY | ||
| 710 |
_aOverseas Development Institute _91389 |
||
| 942 | _n0 | ||
| 948 | _c04/03/1997 | ||
| 999 |
_c86867 _d86867 |
||